<?xml version="1.0" encoding="UTF-8"?><?xml-stylesheet type="text/xsl" href="static/style.xsl"?><OAI-PMH xmlns="http://www.openarchives.org/OAI/2.0/" xmlns:xsi="http://www.w3.org/2001/XMLSchema-instance" xsi:schemaLocation="http://www.openarchives.org/OAI/2.0/ http://www.openarchives.org/OAI/2.0/OAI-PMH.xsd"><responseDate>2026-04-17T15:01:35Z</responseDate><request verb="GetRecord" identifier="oai:www.recercat.cat:2072/454435" metadataPrefix="marc">https://recercat.cat/oai/request</request><GetRecord><record><header><identifier>oai:recercat.cat:2072/454435</identifier><datestamp>2024-10-29T17:01:56Z</datestamp><setSpec>com_2072_98</setSpec><setSpec>col_2072_378196</setSpec></header><metadata><record xmlns="http://www.loc.gov/MARC21/slim" xmlns:dcterms="http://purl.org/dc/terms/" xmlns:xsi="http://www.w3.org/2001/XMLSchema-instance" xmlns:doc="http://www.lyncode.com/xoai" xsi:schemaLocation="http://www.loc.gov/MARC21/slim http://www.loc.gov/standards/marcxml/schema/MARC21slim.xsd">
   <leader>00925njm 22002777a 4500</leader>
   <datafield ind2=" " ind1=" " tag="042">
      <subfield code="a">dc</subfield>
   </datafield>
   <datafield ind2=" " ind1=" " tag="720">
      <subfield code="a">Vick Saurí, Stephanie</subfield>
      <subfield code="e">author</subfield>
   </datafield>
   <datafield ind2=" " ind1=" " tag="720">
      <subfield code="a">Universitat Autònoma de Barcelona. Facultat de Ciències de la Comunicació</subfield>
      <subfield code="e">author</subfield>
   </datafield>
   <datafield ind2=" " ind1=" " tag="260">
      <subfield code="c">2023</subfield>
   </datafield>
   <datafield ind2=" " ind1=" " tag="520">
      <subfield code="a">L'evolució constant de la Societat de la Informació obliga els mitjans a estar a l'avantguarda de noves tendències que siguin beneficioses per a la producció d'informació. En el cas dels mitjans a Puerto Rico, el context polític i econòmic del país repercuteix en la pràctica periodística, i produeix un endarreriment a l'entorn mediàtic i la seva aposta per la innovació. Aquest estudi s'enfoca a analitzar l'estat actual, els desafiaments que enfronten i les tendències que podrien adoptar per millorar-ne els processos.</subfield>
   </datafield>
   <datafield ind2=" " ind1=" " tag="520">
      <subfield code="a">La evolución constante de la Sociedad de la Información obliga a los medios a estar a la vanguardia de nuevas tendencias que sean beneficiosas para la producción de información. En el caso de los medios en Puerto Rico, el contexto político y económico del país repercute en la práctica periodística, y produce un atraso en el entorno mediático y su apuesta por la innovación. El presente estudio se enfoca en analizar el estado actual, los desafíos que enfrentan y las tendecias que podrían adoptar para mejorar sus procesos.</subfield>
   </datafield>
   <datafield ind2=" " ind1=" " tag="520">
      <subfield code="a">The constant evolution of the Information Society forces the media to be at the forefront of new trends that are beneficial for the production of information. In the case of the media in Puerto Rico, the political and economic context of the country has an impact on journalistic practice, and produces a delay in the media environment and its commitment to innovation. This study focuses on analyzing the current state, the challenges they face and the trends they could adopt to improve their processes.</subfield>
   </datafield>
   <datafield ind1="8" ind2=" " tag="024">
      <subfield code="a">http://hdl.handle.net/2072/454435</subfield>
   </datafield>
   <datafield tag="653" ind2=" " ind1=" ">
      <subfield code="a">Periodisme</subfield>
   </datafield>
   <datafield tag="653" ind2=" " ind1=" ">
      <subfield code="a">Puerto Rico</subfield>
   </datafield>
   <datafield tag="653" ind2=" " ind1=" ">
      <subfield code="a">Context polític</subfield>
   </datafield>
   <datafield tag="653" ind2=" " ind1=" ">
      <subfield code="a">Mitjans de comunicació de massa</subfield>
   </datafield>
   <datafield ind2="0" ind1="0" tag="245">
      <subfield code="a">El futuro del periodismo en Puerto Rico : situación actual, desafíos y tendencias en plataformas web</subfield>
   </datafield>
</record></metadata></record></GetRecord></OAI-PMH>